American countries named by Bad Bunny at the Super Bowl - Sudden Death - Statistics

General Stats
  • This quiz has been taken 277 times
  • The average score is 15 of 25
Answers on the Grid
Answers color-coded by a green-red scale on the quiz's grid according to % correct below.
Argentina
Chile
Uruguay
Paraguay
Bolivia
Brazil
Guyana
Surinam
Venezuela
Colombia
Perú
Ecuador
Guatemala
Honduras
El Salvador
Belize
Nicaragua
Costa Rica
Panamá
United States
Canada
Cuba
Haiti
Dominican Republic
Jamaica
Bahamas
Saint Kitts and Nevis
Saint Vincent and the Grenadines
Saint Lucia
Grenada
Barbados
Dominica
Puerto Rico
Antigua and Barbuda
Trinidad and Tobago
Mexico
Aruba
Martinique
Cayman Islands
France
United Kingdom
Kiribati
Palau
Falkland Islands
 
Answer Stats
Answer % Correct
United States
68%
Chile
66%
Cuba
66%
Guatemala
66%
Paraguay
66%
Perú
66%
Canada
65%
Bolivia
64%
Ecuador
64%
Puerto Rico
64%
Uruguay
64%
Mexico
63%
Argentina
62%
Brazil
61%
Dominican Republic
61%
Nicaragua
61%
Colombia
60%
Panamá
60%
Venezuela
60%
Costa Rica
56%
El Salvador
56%
Honduras
54%
Jamaica
48%
Haiti
44%
Guyana
42%
No matching quizzes found
Score Distribution
Percent of People with Each Score
Percentile by Number Answered
Your Score History
You have not taken this quiz